00677nam a2200241 a 4500001001300000003000900013005001700022008004100039020001000080082002000090100001700110245002000127260003800147300000900185500003500194505001700229650001900246700001700265902000800282942000700290952012100297999001700418nice12345678IN_TiNIC20260116014305.0050524s2002 pana grp 000 0 eng  ac20000a324.245408bSHY aShyam, Chand aSaffron Fascism aPanchkulabUnity Publishersc2002 a185p aincludes index and biblioraphy2 aBibliography aReligious Fund1 aShyam, Chand bSRS cBK 001040708StackRoom-aHMIbHMId2007-04-11g200.00l0o324.245408 SHYp020716r2007-04-11v200.00w2005-05-24yBK c14668d14668